| 000 | 01040cam a22003253a 4500 | ||
|---|---|---|---|
| 001 | 30966 | ||
| 003 | PGUSA | ||
| 005 | 20140828083653.0 | ||
| 008 | 100114s2010||||xxu|||||s|||||000 1 eng d | ||
| 040 |
_aPGUSA _beng |
||
| 042 | _adc | ||
| 050 | 4 | _aPZ | |
| 100 | 1 |
_aMolesworth, _cMrs, _d1839-1921 |
|
| 245 | 1 | 0 |
_aMiss Mouse and Her Boys _h[electronic resource] / _cMolesworth, |
| 260 |
_bProject Gutenberg, _c2010 |
||
| 506 | _aPublic domain in the USA. | ||
| 516 | _aElectronic text | ||
| 653 | _aBrothers -- Juvenile fiction | ||
| 653 | _aPets -- Juvenile fiction | ||
| 653 | _aStorytelling -- Juvenile fiction | ||
| 653 | _aCousins -- Juvenile fiction | ||
| 653 | _aFriendship -- Juvenile fiction | ||
| 653 | _aAunts -- Juvenile fiction | ||
| 653 | _aConduct of life -- Juvenile fiction | ||
| 653 | _aChildren -- Conduct of life -- Juvenile fiction | ||
| 700 | 1 |
_aBrooke, L. Leslie _q(Leonard Leslie), _d1862-1940 |
|
| 830 | 0 |
_aProject Gutenberg _v30966 |
|
| 856 | 4 | 0 | _uhttp://www.gutenberg.org/ebooks/30966 |
| 942 | _cEB | ||
| 999 |
_c260221 _d260221 |
||